| 000 | 01198cam a2200133 4500500 | ||
|---|---|---|---|
| 005 | 20251214002002.0 | ||
| 041 | _afre | ||
| 042 | _adc | ||
| 100 | 1 | 0 |
_aDavid, Olivier _eauthor |
| 245 | 0 | 0 | _aLa population mondiale : Répartition, dynamique et mobilité |
| 260 |
_bArmand Colin,
_c2020. |
||
| 520 | _aAvec plus de 7,7 milliards d’individus aujourd'hui, et des projections annonçant 9,7 milliards en 2050, la population mondiale devrait dépasser le seuil des 11 milliards en 2100 d'après l'ONU. La remarquable intensité de cette croissance est néanmoins très disparate d’une région à l’autre du monde ; et si elle est très soutenue dans certains pays, d’autres doivent faire face à un immobilisme et à un vieillissement sans précédent. Cet ouvrage propose une introduction simple aux notions et concepts utilisés en géographie de la population. Assorti de nombreuses illustrations et de repères faciles à mémoriser, il permet d’aborder et comprendre la grande variété des dynamiques démographiques, et les enjeux pour les populations à venir. | ||
| 856 | 4 | 1 | _uhttps://shs.cairn.info/la-population-mondiale--9782200628055?lang=fr&redirect-ssocas=7080 |
| 999 |
_c1566649 _d1566649 |
||